| 000 | 00763nam a22001815i 4500 | ||
|---|---|---|---|
| 001 | 162527 | ||
| 003 | ES-MaACL | ||
| 005 | 20230906212539.0 | ||
| 008 | 990727s1819 fr |||| | fre d | ||
| 040 |
_aCCPB | B _bspa _cCCPB | B |
||
| 100 | 1 |
_aPradt, Dominique Dufour _cBaron de ( _d1759-1837) _9131340 |
|
| 245 | 1 | 2 |
_aL'Europe après le Congrès d'Aix-la-Chapelle, paisant suite au Congrès de Vienne / _cpar M. de Pradt. |
| 260 |
_aParis : _bF. Béchet Ainé, libraire-éditeur ; _aBruxelles : _bLecharlier, libr. : _bDemat, libr., _c1819 ( _fJ.-L. Chanson) |
||
| 300 |
_aXXVII, 378 p. ; _c20 cm. |
||
| 597 | _aAntep. | ||
| 651 |
_aEuropa- _xHistoria. _98599 |
||
| 852 |
_aES-MaACL _jC-3838 _z-- Enc. hol. _x-- Edic.: corregir en tít.: "faisant" por "paisant" |
||
| 999 |
_c162527 _d162527 |
||